Eddsworld Quiz - Statistics

General Stats
  • This quiz has been taken 201 times
  • The average score is 16 of 27
Answer Stats
Hint Answer % Correct
+Blue Hoodie Tom
100%
+Green Hoodie Edd
96%
+Purple Hoodie + Green Overcoat Matt
96%
+Red Hoodie Tord
96%
Edd Loves Cola
73%
Edd’s Neighbor Counterpart Eduardo
71%
Who created Eddsworld? Edd Gould
70%
Future Eddsworld cast in what Episode? WTFuture
69%
Edd’s Female Counterpart Ell
68%
Edd’s real last name Gould
67%
Tom’s Neighbor Counterpart Jon
67%
Matt’s Female Counterpart Matilda
63%
Tom’s Female Counterpart Tamara
61%
Tord’s real last name Larsson
60%
Tord Loves Guns
57%
Female Eddsworld cast in what episode? Mirror Mirror
57%
What are Eddsworld Episodes Called? Eddisodes
55%
Old West Eddsworld cast in what episode? Saloonatics
54%
Best Friends of Red Leader Paul And Patryk
51%
Tom’s real last name Ridgewell
49%
What is the most viewed Eddsworld episode? Fun Dead
43%
Matt’s real last name Hargreaves
42%
What was the last Episode worked on by Edd Gould, before Passing? (Rest in peace, Edd Gould 1988-2012) Space Face (Part 1)
30%
Matt’s Neighbor Counterpart Marc
26%
What Episode did Tord Leave? 25 Feet Under the Seat
24%
First appearance of Edd and Matt Edd Again
21%
First appearance of Tom + Tord 2004 Christmas Special
8%
No matching quizzes found
Score Distribution
Percent of People with Each Score
Percentile by Number Answered
Your Score History
You have not taken this quiz